The SAGE encyclopedia of terrorism
Gardado en:
| Autor Principal: | |
|---|---|
| Formato: | Libro |
| Idioma: | inglés |
| Publicado: |
Sage
2011
|
| Tags: |
Engadir etiqueta
Sen Etiquetas, Sexa o primeiro en etiquetar este rexistro!
|
MARC
| LEADER | 00000nam a22000007a 4500 | ||
|---|---|---|---|
| 008 | 201215b ||||| |||| 00| 0 eng d | ||
| 020 | |a 978-1-4129-8016-6 | ||
| 100 | |a edited by Martin, Gus | ||
| 245 | |a The SAGE encyclopedia of terrorism |c edited by Gus Martin |g xxv, 689p.; ill. | ||
| 250 | |b 2nd ed. |c Martin, Gus | ||
| 260 | |b Sage |c 2011 |h Los Angeles |i 690293 |l HV6431 .Sa1 |m Terrorism – Encyclopedias |m Terrorism – United States – Encyclopedias | ||
| 500 | |a It includes bibliographical references and index | ||
| 942 | |a lcc |c BK |e Kuteyi, M. A. |f 15/12/2020 | ||
| 952 | |0 0 |1 0 |2 lcc |4 0 |6 HV6431 S A1 |7 0 |9 556 |a HOL |b HOL |c GJ |d 2020-12-15 |l 0 |o HV6431 .Sa1 |p 2020-2278 |r 2020-12-15 00:00:00 |w 2020-12-15 |y BK | ||
| 999 | |c 304 |d 304 | ||